| 000 | 01499nam a2200433 a 4500 | ||
|---|---|---|---|
| 001 | 22953 | ||
| 003 | SK-KTurca | ||
| 005 | 20260513074717.0 | ||
| 008 | 251031s2005 xo a g 001 0 slo | ||
| 015 | _aSNBA2007/02-00321 | ||
| 020 | _a805510977X (viaz.) | ||
| 035 | _aBA147461-A990-4D89-9F4E-540C63C3BA31 | ||
| 035 | _aurn:nbn:sk:snk-amk6s5 | ||
| 035 | _aurn:nbn:sk:snk-am008ixc | ||
| 035 | _aurn:nbn:sk:snk-am0091yq | ||
| 035 | _a026A5EA9-4C00-4F9F-B377-7825E3DFAECB | ||
| 040 |
_aSNK _bslo _cSNK |
||
| 041 | 1 |
_aslo _hger |
|
| 044 |
_axo _cSK |
||
| 072 | 7 |
_a635 _xZáhradkárstvo _2konspekt |
|
| 080 |
_a634/635 _22001 |
||
| 080 |
_a133 _2MDT-MRF |
||
| 080 |
_a523.34 _2MDT-MRF |
||
| 080 |
_a(0.062) _2MDT-MRF |
||
| 100 | 1 |
_aPaungger, Johanna, _d1953- _4aut |
|
| 240 | 1 |
_aDer lebendige Garden _lSlovensky |
|
| 245 | 1 | 0 |
_aZáhradníčime s Lunou _bživá záhrada v správnom čase v súlade s mesačnými a prírodnými rytmami _cJohanna Paunggerová, Thomas Poppe; [z nemeckého originálu preložili Magda Spillerová a Květoslav Spiller] |
| 250 | _a[1. vyd.] | ||
| 260 |
_aBratislava _bIkar _c2005 |
||
| 300 |
_a344 s. _cilustr. _c21 cm _e1 sch. |
||
| 500 | _aMenný reg. | ||
| 650 | 0 | 7 |
_azáhradkárstvo _2SNKPH |
| 650 | 0 | 7 |
_aastrologické aspekty _2SNKPH |
| 651 | 7 |
_aMesiac (prirodzený satelit Zeme) _2SNKPHgeo |
|
| 655 | 7 |
_apopulárno-náučné publikácie _2SNKPH |
|
| 700 | 1 | _aSpillerová, Magdaléna | |
| 700 | 1 |
_aSpiller, Květoslav _4trl |
|
| 942 |
_2ddc _cOLDO _n0 |
||
| 999 |
_c22953 _d22953 |
||